Billie Eilish - CHIHIRO Lyrics - Statistics

General Stats
  • This quiz has been taken 440 times
  • The average score is 297 of 374
Answer Stats
Answer % Correct
I
99%
"I
99%
(I
99%
a
98%
away
97%
away?
97%
my
97%
My
97%
you
97%
You
97%
love
96%
take
96%
To
96%
to
96%
Do
95%
know
94%
When
93%
when
93%
"No
92%
(No
92%
the
92%
me
90%
me?
90%
Me
90%
what
90%
Not
89%
not
89%
say?
89%
say
89%
for
88%
From
88%
Said
88%
said
88%
can
87%
Did
86%
door
86%
door?
86%
Open
86%
open
86%
today
86%
tomorrow
86%
up
86%
around
85%
be
84%
in
84%
it
84%
was
84%
come
83%
don't
83%
(Don't
83%
back
82%
back)
82%
maybe
81%
forget
79%
name
79%
told
79%
won't
79%
feel
78%
all
76%
before
76%
can't
76%
And
75%
any
75%
more
75%
it's
74%
with
74%
at
73%
cope
73%
could
73%
sorrow
73%
store
73%
sure
73%
that
73%
that"
73%
that")
73%
that)
73%
will
73%
your
73%
strange
72%
borrow
71%
(borrow)
71%
Kinda
71%
what's
71%
feelin'
70%
show
68%
were
68%
Were
68%
change
67%
but
65%
But
65%
you'd
65%
too?
64%
war
63%
why
63%
face
62%
garden
62%
serious
62%
serious?
62%
hope
61%
now
61%
Now
61%
found
60%
that's
60%
wasn't
59%
turn
58%
waitin'
58%
got
57%
called
56%
I'm
56%
of
55%
Saw
54%
How
53%
need
53%
part
53%
looked
52%
pardon
52%
alone
51%
beg
51%
break"
51%
gone
51%
recognizes
51%
if
50%
takin'
50%
there's
50%
They
50%
they
50%
Contemplatin'
49%
hm
49%
Hm-hm
49%
Mm
49%
counter
47%
curious
46%
hands
44%
lap
44%
lap)
44%
you'll
44%
tell
43%
(Tell
43%
trap
43%
trap)
43%
been
42%
make
41%
only
41%
returned
40%
seat
38%
Wringing
33%
(Wringing
33%
No matching quizzes found
Score Distribution
Percent of People with Each Score
Percentile by Number Answered
Your Score History
You have not taken this quiz